000 00245nam a22001217a 4500
008 170710b xxu||||| |||| 00| 0 eng d
041 _aalb
080 _a030
100 _a23
101 _aENC
245 _aTRUPI YNE
_cMELO,V
942 _2udc
_cBK
999 _c20145
_d20145